[Event "SVK-chT2B 2223"]
[Site "Slovakia"]
[Date "2022.11.13"]
[Round "4.7"]
[White "Kulich, Daniel"]
[Black "Verbytskiy, Patrik"]
[Result "1/2-1/2"]
[WhiteElo "1840"]
[BlackElo "1831"]
[PlyCount "48"]
[EventDate "2022.10.08"]
[EventType "team-tourn"]
[EventRounds "11"]
[EventCountry "SVK"]
[SourceTitle "EXT 2024"]
[Source "ChessBase"]
[SourceDate "2023.10.10"]
[SourceVersion "1"]
[SourceVersionDate "2023.10.10"]
[SourceQuality "1"]
[WhiteTeam "Povazske Podhradie"]
[BlackTeam "Topolcany II"]
[WhiteTeamCountry "SVK"]
[BlackTeamCountry "SVK"]

1. d4 d5 2. c4 e6 3. Nc3 c6 4. Bf4 Nf6 5. e3 Bd6 6. Bxd6 Qxd6 7. Qc2 0-0 8. Nf3 Nbd7 9. h3 h6 10. cxd5 exd5 11. Bd3 Re8 12. 0-0 Nf8 13. a3 Be6 14. b4 b6 15. Rfc1 Rac8 16. Ba6 Rb8 17. Bd3 b5 18. Nb1 Bd7 19. Nbd2 Rbc8 20. Nb3 Ne4 21. Ne5 f6 22. Nf3 Ne6 23. Nfd2 f5 24. Nxe4 fxe4 1/2-1/2

[Event "SVK-chT2B 2122"]
[Site "Slovakia"]
[Date "2022.02.12"]
[Round "7.4"]
[White "Verbytskiy, Patrik"]
[Black "Gzib, David"]
[Result "1/2-1/2"]
[WhiteElo "1831"]
[BlackElo "2040"]
[PlyCount "134"]
[EventDate "2021.10.16"]
[EventType "team-tourn"]
[EventRounds "11"]
[EventCountry "SVK"]
[SourceTitle "EXT 2023"]
[Source "ChessBase"]
[SourceDate "2022.10.05"]
[SourceVersion "1"]
[SourceVersionDate "2022.10.05"]
[SourceQuality "1"]
[WhiteTeam "Topolcany II"]
[BlackTeam "Levice II"]
[WhiteTeamCountry "SVK"]
[BlackTeamCountry "SVK"]

1. e4 c5 2. Nf3 d6 3. d4 cxd4 4. Nxd4 Nf6 5. Nc3 a6 6. Be3 e6 7. f4 b5 8. a3 Bb7 9. Bd3 Nbd7 10. 0-0 Nc5 11. Qf3 Qc7 12. Rae1 Be7 13. f5 e5 14. Nb3 Rc8 15. Nxc5 dxc5 16. Nd5 Bxd5 17. exd5 c4 18. Be4 Bc5 19. Kh1 Bxe3 20. Rxe3 0-0 21. g4 Nxe4 22. Qxe4 f6 23. Rd1 Rfd8 24. h4 Qc5 25. g5 Rd7 26. Rg3 Kh8 27. gxf6 gxf6 28. Qg4 Qf8 29. Rg2 Qf7 30. Qf3 Rcd8 31. Rgd2 Rd6 32. c3 Rg8 33. Rg1 Rxg1+ 34. Kxg1 Qg8+ 35. Kh2 Qb8 36. Rg2 Rd8 37. Kh1 Rg8 38. h5 Rxg2 39. Kxg2 Kg7 40. Qe3 Qd6 41. Qd2 Kf7 42. Kf3 e4+ 43. Kg4 Qc5 44. Kf4 Qd6+ 45. Kg4 Qe5 46. Qf4 Qxd5 47. Qc7+ Kg8 48. Qb8+ Kf7 49. Qa7+ Ke8 50. Qxh7 Qd1+ 51. Kg3 Qf3+ 52. Kh4 Qh1+ 53. Kg3 Qf3+ 54. Kh4 Qf2+ 55. Kh3 Qe3+ 56. Kh2 Qf4+ 57. Kh3 Qe3+ 58. Kh2 Qd2+ 59. Kh3 Qe3+ 60. Kh2 Qe2+ 61. Kg3 Qf3+ 62. Kh2 Qf2+ 63. Kh3 Qf1+ 64. Kh2 Qe2+ 65. Kg3 Qe3+ 66. Kh2 Qf4+ 67. Kh3 Qf3+ 1/2-1/2

[Event "SVK-chT2B 1819"]
[Site "Slovakia"]
[Date "2019.04.06"]
[Round "10.8"]
[White "Baran, Kamil"]
[Black "Verbytskiy, Patrik"]
[Result "1/2-1/2"]
[WhiteElo "1458"]
[BlackElo "1811"]
[PlyCount "86"]
[EventDate "2018.10.13"]
[EventType "team-tourn"]
[EventRounds "11"]
[EventCountry "SVK"]
[SourceTitle "EXT 2020"]
[Source "ChessBase"]
[SourceDate "2019.10.17"]
[SourceVersion "1"]
[SourceVersionDate "2019.10.17"]
[SourceQuality "1"]
[WhiteTeam "Povazske Podhradie"]
[BlackTeam "Topolcany"]
[WhiteTeamCountry "SVK"]
[BlackTeamCountry "SVK"]

1. d4 d5 2. Bf4 c5 3. e3 Nc6 4. c3 Nf6 5. Bd3 Qb6 6. Qc2 e6 7. Nf3 h6 8. h3 Be7 9. Nbd2 0-0 10. 0-0 Nh5 11. Bh2 f5 12. Rae1 Nf6 13. Ne5 Nxe5 14. Bxe5 Ne4 15. dxc5 Bxc5 16. c4 Bd7 17. Bxe4 fxe4 18. Nb3 Bb4 19. Rd1 Rac8 20. Qe2 Rxc4 21. Qg4 Rf7 22. Rc1 Rxc1 23. Rxc1 Bd6 24. Bxd6 Qxd6 25. Nc5 Bc8 26. Nxe4 Qf8 27. Nd6 Qxd6 28. Rxc8+ Kh7 29. Qd4 a6 30. Qc3 Qb6 31. Qc2+ g6 32. Qc3 Rg7 33. Qf6 Qd6 34. Re8 Qc6 35. Rxe6 Qc1+ 36. Kh2 Qc7+ 37. Qe5 Qxe5+ 38. Rxe5 Rd7 39. Kg3 Kg7 40. Re8 Kf7 41. Rb8 Kf6 42. Rh8 Kg7 43. Rb8 Kf6 1/2-1/2

[Event "Levice op"]
[Site "Levice"]
[Date "2018.08.03"]
[Round "3"]
[White "Vlcko, Viliam"]
[Black "Verbytskiy, Patrik"]
[Result "0-1"]
[WhiteElo "1524"]
[BlackElo "1741"]
[PlyCount "54"]
[EventDate "2018.08.02"]
[EventType "swiss"]
[EventRounds "7"]
[EventCountry "SVK"]
[SourceTitle "CBM 185 Extra"]
[Source "ChessBase"]
[SourceDate "2018.07.29"]
[SourceVersion "1"]
[SourceVersionDate "2018.07.29"]
[SourceQuality "1"]

1. e4 e5 2. Nf3 Nc6 3. Bb5 Nge7 4. Nc3 g6 5. Bc4 Na5 6. Be2 Bg7 7. d3 d5 8. exd5 Nxd5 9. Nxd5 Qxd5 10. 0-0 b6 11. Nd2 Bb7 12. Bf3 Qd7 13. b4 Nc6 14. Rb1 0-0-0 15. b5 Nd4 16. Bxb7+ Kxb7 17. a4 h5 18. Nf3 Qg4 19. Nxd4 Rxd4 20. Qxg4 Rxg4 21. c4 Rd8 22. f4 Rxd3 23. fxe5 Bxe5 24. a5 Rxc4 25. a6+ Kc8 26. Rxf7 Rd1+ 27. Rf1 Bd4+ 0-1

[Event "SVK-ch U14"]
[Site "Liptovsky Mikulas"]
[Date "2018.04.25"]
[Round "7"]
[White "Belica, Kamil"]
[Black "Verbytskiy, Patrik"]
[Result "0-1"]
[WhiteElo "1429"]
[BlackElo "1838"]
[PlyCount "92"]
[EventDate "2018.04.21"]
[EventType "swiss"]
[EventRounds "9"]
[EventCountry "SVK"]
[SourceTitle "CBM 184 Extra"]
[Source "ChessBase"]
[SourceDate "2018.06.28"]
[SourceVersion "1"]
[SourceVersionDate "2018.06.28"]
[SourceQuality "1"]

1. e4 e5 2. Nf3 Nf6 3. Nxe5 d6 4. Nf3 Nxe4 5. Qe2 Qe7 6. d3 Nf6 7. Nc3 Bg4 8. Qxe7+ Bxe7 9. Be2 Nc6 10. Be3 d5 11. Nb5 0-0-0 12. Nbd4 Nxd4 13. Nxd4 c5 14. Bxg4+ Nxg4 15. Nf5 Bf8 16. 0-0 Nxe3 17. Nxe3 g6 18. b3 Bg7 19. Rab1 Bc3 20. Nd1 Bd2 21. f3 Rhe8 22. Rf2 Be1 23. Rf1 Re2 24. Rb2 Rde8 25. a4 d4 26. Nf2 f5 27. Rb1 Bc3 28. Rfc1 Be1 29. Ne4 fxe4 30. Rxe1 exf3 31. Rxe2 Rxe2 32. gxf3 Rxc2 33. Re1 Kd7 34. Re5 Kd6 35. Re8 Rc3 36. Rh8 Rxd3 37. Rxh7 Rxb3 38. Rh6 Rxf3 39. Rxg6+ Kd5 40. Kg2 Rf5 41. h4 d3 42. Rg8 Kc4 43. Rd8 Rd5 44. Rxd5 Kxd5 45. Kf2 Ke5 46. Ke3 c4 0-1

[Event "SVK-chT2B 1718"]
[Site "Slovakia"]
[Date "2018.03.17"]
[Round "10.8"]
[White "Viczencz, Peter"]
[Black "Verbytskiy, Patrik"]
[Result "0-1"]
[WhiteElo "1861"]
[BlackElo "1758"]
[PlyCount "46"]
[EventDate "2017.10.28"]
[EventType "team-tourn"]
[EventRounds "11"]
[EventCountry "SVK"]
[SourceTitle "EXT 2020"]
[Source "ChessBase"]
[SourceDate "2019.10.17"]
[SourceVersion "1"]
[SourceVersionDate "2019.10.17"]
[SourceQuality "1"]
[WhiteTeam "Komarno II"]
[BlackTeam "Topolcany"]
[WhiteTeamCountry "SVK"]
[BlackTeamCountry "SVK"]

1. e4 e5 2. Nf3 Nc6 3. Bc4 Bc5 4. c3 Nf6 5. d3 d6 6. 0-0 Be6 7. Bxe6 fxe6 8. Qb3 Qc8 9. Ng5 d5 10. Be3 Bxe3 11. fxe3 h6 12. exd5 exd5 13. Nf3 0-0 14. e4 Qd7 15. Nbd2 Kh7 16. exd5 Nxd5 17. Nc4 Nf4 18. Rad1 Qg4 19. Qc2 Rae8 20. Rde1 Kh8 21. Ncxe5 Nxe5 22. Nxe5 Rxe5 23. Rxe5 Nh3+ 0-1

[Event "SVK-chT2B 1718"]
[Site "Slovakia"]
[Date "2018.02.25"]
[Round "9.7"]
[White "Verbytskiy, Patrik"]
[Black "Valovic, Stefan"]
[Result "1-0"]
[WhiteElo "1758"]
[BlackElo "1946"]
[PlyCount "87"]
[EventDate "2017.10.28"]
[EventType "team-tourn"]
[EventRounds "11"]
[EventCountry "SVK"]
[SourceTitle "EXT 2019"]
[Source "ChessBase"]
[SourceDate "2018.10.10"]
[SourceVersion "1"]
[SourceVersionDate "2018.10.10"]
[SourceQuality "1"]
[WhiteTeam "Topolcany"]
[BlackTeam "Tlmace"]
[WhiteTeamCountry "SVK"]
[BlackTeamCountry "SVK"]

1. e4 c5 2. Nf3 g6 3. d4 cxd4 4. Nxd4 Bg7 5. Be3 Nc6 6. Nc3 Nf6 7. f3 0-0 8. Qd2 d6 9. 0-0-0 Bd7 10. Kb1 a6 11. g4 Rc8 12. h4 b5 13. h5 Qa5 14. hxg6 fxg6 15. g5 Nh5 16. Nd5 Qxd2 17. Rxd2 Bxd4 18. Bxd4 Ng3 19. Rg1 Rxf3 20. Bg2 Rff8 21. Nb6 Nxd4 22. Nxd7 Nde2 23. Re1 Rf2 24. Bh3 Rc7 25. Ka1 Kg7 26. Nb6 e5 27. Bg4 Rcf7 28. Rxd6 Nxe4 29. Rd5 Rf1 30. Rdd1 Rxe1 31. Rxe1 Nd4 32. Kb1 Nf2 33. Bc8 Rc7 34. c3 Nc6 35. Bxa6 b4 36. Nd5 Rd7 37. Nxb4 Nxb4 38. cxb4 e4 39. Re2 Nh3 40. Bc8 Ng1 41. Bxd7 Nxe2 42. b5 Nd4 43. b6 e3 44. Kc1 1-0

[Event "SVK-chT2B 1718"]
[Site "Slovakia"]
[Date "2017.11.25"]
[Round "3.8"]
[White "Mego, Peter"]
[Black "Verbytskiy, Patrik"]
[Result "1/2-1/2"]
[WhiteElo "1713"]
[BlackElo "1758"]
[PlyCount "42"]
[EventDate "2017.10.28"]
[EventType "team-tourn"]
[EventRounds "11"]
[EventCountry "SVK"]
[SourceTitle "EXT 2020"]
[Source "ChessBase"]
[SourceDate "2019.10.17"]
[SourceVersion "1"]
[SourceVersionDate "2019.10.17"]
[SourceQuality "1"]
[WhiteTeam "Povazske Podhradie"]
[BlackTeam "Topolcany"]
[WhiteTeamCountry "SVK"]
[BlackTeamCountry "SVK"]

1. d4 d5 2. Nf3 Nf6 3. c3 e6 4. g3 c5 5. e3 a6 6. Bg2 Nc6 7. 0-0 b5 8. dxc5 Bxc5 9. Re1 0-0 10. Nd4 Bb7 11. Nd2 Nxd4 12. exd4 Bd6 13. a3 Nd7 14. Nf3 Nb6 15. Ne5 Bxe5 16. Rxe5 Nc4 17. Re1 Rc8 18. Qg4 Qf6 19. Re2 Qg6 20. Qxg6 hxg6 21. Be3 Nxe3 1/2-1/2

[Event "SVK-ch U12"]
[Site "Liptovsky Mikulas"]
[Date "2017.04.25"]
[Round "6"]
[White "Verbytskiy, Patrik"]
[Black "Bochnicka, Vladimir1111"]
[Result "0-1"]
[WhiteElo "1769"]
[BlackElo "1890"]
[PlyCount "58"]
[EventDate "2017.04.22"]
[EventType "swiss"]
[EventRounds "9"]
[EventCountry "SVK"]
[SourceTitle "CBM 178 Extra"]
[Source "ChessBase"]
[SourceDate "2017.06.22"]
[SourceVersion "1"]
[SourceVersionDate "2017.06.22"]
[SourceQuality "1"]

1. e4 c5 2. Nf3 Nc6 3. d4 cxd4 4. Nxd4 Nf6 5. Nc3 e5 6. Nde2 Bc5 7. Ng3 d6 8. Bb5 Ng4 9. 0-0 Qh4 10. h3 Nxf2 11. Rxf2 Qxg3 12. Qf3 Qxf3 13. gxf3 Bxh3 14. Nd5 Bxf2+ 15. Kxf2 0-0 16. c3 Kh8 17. Be3 Be6 18. Rd1 Bxd5 19. Rxd5 f5 20. Bd3 f4 21. Bd2 Rf6 22. Rb5 b6 23. Bc4 Raf8 24. Bd5 Ne7 25. Rb4 Nxd5 26. exd5 Rg6 27. Re4 Rf5 28. Re2 Rfg5 29. Re1 Rg2+ 0-1

[Event "SVK-ch U12"]
[Site "Liptovsky Mikulas"]
[Date "2017.04.23"]
[Round "3"]
[White "Marko, Maxim"]
[Black "Verbytskiy, Patrik"]
[Result "0-1"]
[WhiteElo "1508"]
[BlackElo "1769"]
[PlyCount "58"]
[EventDate "2017.04.22"]
[EventType "swiss"]
[EventRounds "9"]
[EventCountry "SVK"]
[SourceTitle "CBM 178 Extra"]
[Source "ChessBase"]
[SourceDate "2017.06.22"]
[SourceVersion "1"]
[SourceVersionDate "2017.06.22"]
[SourceQuality "1"]

1. e4 e5 2. Nf3 Nc6 3. Bc4 Bc5 4. 0-0 d6 5. h3 Nf6 6. d3 h6 7. c3 0-0 8. Re1 a6 9. Bb3 Be6 10. Nbd2 Re8 11. Nf1 Bb6 12. Ng3 Qc8 13. Nh4 Ne7 14. Qf3 Nh7 15. Nh5 Bxb3 16. axb3 Qe6 17. Qg3 g5 18. Nf3 Qg6 19. Qg4 Qe6 20. Qg3 Ng6 21. h4 f6 22. Kh1 Kh8 23. Nh2 Nxh4 24. Ng4 Qf7 25. Nhxf6 Nxf6 26. Nxh6 Qh5 27. Kg1 Rf8 28. Bxg5 Bxf2+ 29. Kxf2 Nxe4+ 0-1

[Event "SVK-chT2B 1617"]
[Site "Slovakia"]
[Date "2017.02.12"]
[Round "9.7"]
[White "Verbytskiy, Patrik"]
[Black "Mego, Peter"]
[Result "1/2-1/2"]
[WhiteElo "1765"]
[BlackElo "1737"]
[PlyCount "54"]
[EventDate "2016.10.08"]
[EventType "team-tourn"]
[EventRounds "11"]
[EventCountry "SVK"]
[SourceTitle "EXT 2018"]
[Source "ChessBase"]
[SourceDate "2017.10.13"]
[SourceVersion "1"]
[SourceVersionDate "2017.10.13"]
[SourceQuality "1"]
[WhiteTeam "Topolcany"]
[BlackTeam "Povazske Podhradie"]
[WhiteTeamCountry "SVK"]
[BlackTeamCountry "SVK"]

1. e4 e6 2. d4 d5 3. exd5 exd5 4. Nf3 Nf6 5. Bd3 Be7 6. 0-0 Bg4 7. Nbd2 0-0 8. h3 Bh5 9. c3 c6 10. Qc2 Bg6 11. Bxg6 fxg6 12. Ne5 Nbd7 13. f4 Nh5 14. Nb3 Ng3 15. Rf3 Ne4 16. Nxd7 Qxd7 17. Nd2 Nxd2 18. Bxd2 Bd6 19. Re1 Rae8 20. Rxe8 Rxe8 21. Re3 Rxe3 22. Bxe3 Qf5 23. Qxf5 gxf5 24. g3 Kf7 25. Kf2 Ke6 26. Kf3 g6 27. Bf2 Kf6 1/2-1/2

[Event "Banska Stiavnica V4 op"]
[Site "Banska Stiavnica"]
[Date "2016.07.02"]
[Round "1"]
[White "Verbytskiy, Patrik"]
[Black "Buran, Jaroslav"]
[Result "1/2-1/2"]
[WhiteElo "1793"]
[BlackElo "2172"]
[PlyCount "51"]
[EventDate "2016.07.02"]
[EventType "swiss"]
[EventRounds "9"]
[EventCountry "SVK"]
[SourceTitle "CBM 173 Extra"]
[Source "ChessBase"]
[SourceDate "2016.08.29"]
[SourceVersion "1"]
[SourceVersionDate "2016.08.29"]
[SourceQuality "1"]

1. e4 c6 2. d4 d5 3. exd5 cxd5 4. Nf3 Nf6 5. Bd3 Nc6 6. c3 g6 7. 0-0 Bg7 8. Bd2 Bf5 9. Bxf5 gxf5 10. Qc1 h5 11. Nh4 e6 12. Bg5 Qd6 13. Re1 0-0-0 14. Bf4 Qd7 15. Na3 Ne4 16. Nb5 Qe7 17. f3 a6 18. c4 axb5 19. fxe4 dxc4 20. a4 b4 21. d5 Na5 22. Bg5 Bf6 23. d6 Bd4+ 24. Kh1 Qxd6 25. Bxd8 Rxd8 26. Nf3 1/2-1/2

[Event "SVK-ch U12"]
[Site "Liptovsky Mikulas"]
[Date "2016.04.23"]
[Round "9"]
[White "Verbytskiy, Patrik"]
[Black "Zetocha, Adrian"]
[Result "1-0"]
[WhiteElo "1903"]
[BlackElo "1838"]
[PlyCount "76"]
[EventDate "2016.04.16"]
[EventType "swiss"]
[EventRounds "9"]
[EventCountry "SVK"]
[SourceTitle "CBM 172 Extra"]
[Source "ChessBase"]
[SourceDate "2016.06.21"]
[SourceVersion "1"]
[SourceVersionDate "2016.06.21"]
[SourceQuality "1"]

1. e4 c6 2. d4 d5 3. exd5 cxd5 4. Nf3 Nc6 5. c3 Nf6 6. Bd3 Qc7 7. 0-0 Bg4 8. Bg5 e6 9. h3 Bh5 10. Nbd2 Bd6 11. Re1 Bg6 12. Bxf6 gxf6 13. Bxg6 hxg6 14. Rc1 0-0 15. Nb3 Bf4 16. Rc2 Rfc8 17. Rce2 b6 18. Qd3 a5 19. g3 Bd6 20. Nh2 Kg7 21. Ng4 Rh8 22. Kg2 Rh5 23. Qf3 f5 24. Ne3 Rah8 25. Rh1 a4 26. Nc1 Qd8 27. Nd3 Qg5 28. Nxd5 exd5 29. Qxd5 Rxh3 30. Rxh3 Rxh3 31. Kxh3 Qg4+ 32. Kg2 Qxe2 33. Qxd6 Qe4+ 34. Kh2 Na5 35. Qe5+ f6 36. Qc7+ Kh6 37. Qxb6 Nc4 38. Qd8 Qxd3 1-0

[Event "SVK-ch U12"]
[Site "Liptovsky Mikulas"]
[Date "2016.04.19"]
[Round "5"]
[White "Kovalik, Jakub"]
[Black "Verbytskiy, Patrik"]
[Result "0-1"]
[WhiteElo "1329"]
[BlackElo "1903"]
[PlyCount "44"]
[EventDate "2016.04.16"]
[EventType "swiss"]
[EventRounds "9"]
[EventCountry "SVK"]
[SourceTitle "CBM 172 Extra"]
[Source "ChessBase"]
[SourceDate "2016.06.21"]
[SourceVersion "1"]
[SourceVersionDate "2016.06.21"]
[SourceQuality "1"]

1. e4 c5 2. c3 Nf6 3. e5 Nd5 4. d4 cxd4 5. cxd4 d6 6. Bc4 Nb6 7. Bb3 dxe5 8. dxe5 Qxd1+ 9. Kxd1 Nc6 10. Bf4 Bf5 11. Nc3 0-0-0+ 12. Ke2 e6 13. Rd1 Nd4+ 14. Ke1 Bb4 15. Nge2 Nxb3 16. Rxd8+ Rxd8 17. axb3 Bc2 18. f3 Rd1+ 19. Kf2 Rxh1 20. Nb5 Nd5 21. Nxa7+ Kb8 22. Nb5 Be1# 0-1

[Event "SVK-chT2B 1516"]
[Site "Slovakia"]
[Date "2016.03.12"]
[Round "10.1"]
[White "Kijac, Miroslav"]
[Black "Verbytskiy, Patrik"]
[Result "1-0"]
[WhiteElo "2113"]
[BlackElo "1874"]
[PlyCount "73"]
[EventDate "2015.10.17"]
[EventType "team-tourn"]
[EventRounds "11"]
[EventCountry "SVK"]
[SourceTitle "EXT 2019"]
[Source "ChessBase"]
[SourceDate "2018.10.10"]
[SourceVersion "1"]
[SourceVersionDate "2018.10.10"]
[SourceQuality "1"]
[WhiteTeam "Trencin PK"]
[BlackTeam "Topolciansky CVC II"]
[WhiteTeamCountry "SVK"]
[BlackTeamCountry "SVK"]

1. d4 c5 2. d5 d6 3. e4 g6 4. Nc3 Bg7 5. Nf3 Nf6 6. Nd2 0-0 7. Be2 a6 8. a4 Nbd7 9. 0-0 Qb6 10. Nc4 Qd8 11. Bf4 Nb6 12. Ne3 Ne8 13. Qd2 e6 14. a5 e5 15. Bg3 Nd7 16. Bg4 Nc7 17. Qd3 b5 18. axb6 Nxb6 19. Bxc8 Qxc8 20. f4 Re8 21. f5 Bh6 22. Ng4 Bg7 23. fxg6 hxg6 24. Nf6+ Bxf6 25. Rxf6 Qd7 26. Raf1 Re7 27. Bh4 Rf8 28. Qd2 Qg4 29. Qh6 Rd7 30. R6f5 Qxh4 31. Qxh4 gxf5 32. Qg5+ Kh8 33. Qf6+ Kg8 34. Rxf5 Ne8 35. Rg5+ Kh7 36. Qf5+ Kh8 37. Qh3# 1-0

[Event "SVK-chT2B 1516"]
[Site "Slovakia"]
[Date "2015.11.08"]
[Round "4.2"]
[White "Kovac, Lubomir2222"]
[Black "Verbytskiy, Patrik"]
[Result "1-0"]
[WhiteElo "2127"]
[BlackElo "1766"]
[PlyCount "49"]
[EventDate "2015.10.17"]
[EventType "team-tourn"]
[EventRounds "11"]
[EventCountry "SVK"]
[SourceTitle "EXT 2019"]
[Source "ChessBase"]
[SourceDate "2018.10.10"]
[SourceVersion "1"]
[SourceVersionDate "2018.10.10"]
[SourceQuality "1"]
[WhiteTeam "Sala Slovan Duslo"]
[BlackTeam "Topolciansky CVC II"]
[WhiteTeamCountry "SVK"]
[BlackTeamCountry "SVK"]

1. d4 e5 2. dxe5 Nc6 3. Nf3 Qe7 4. Nc3 Nxe5 5. e4 Nf6 6. Be2 g6 7. 0-0 Bg7 8. Bg5 Nxf3+ 9. Bxf3 Qe5 10. Qd2 0-0 11. Bf4 Qc5 12. e5 Ne8 13. Rfe1 f6 14. Ne4 Qb6 15. Be3 Qxb2 16. Bd4 Qb5 17. exf6 Nxf6 18. Nxf6+ Bxf6 19. Bxf6 Rxf6 20. Bd5+ Kg7 21. Re7+ Kf8 22. Rxh7 Qc5 23. Qh6+ Ke8 24. Re1+ Re6 25. Qxg6+ 1-0

[Event "SVK-chT2B 1516"]
[Site "Slovakia"]
[Date "2015.10.17"]
[Round "1.3"]
[White "Verbytskiy, Patrik"]
[Black "Regec, Stanislav"]
[Result "0-1"]
[WhiteElo "1722"]
[BlackElo "2087"]
[PlyCount "74"]
[EventDate "2015.10.17"]
[EventType "team-tourn"]
[EventRounds "11"]
[EventCountry "SVK"]
[SourceTitle "EXT 2019"]
[Source "ChessBase"]
[SourceDate "2018.10.10"]
[SourceVersion "1"]
[SourceVersionDate "2018.10.10"]
[SourceQuality "1"]
[WhiteTeam "Topolciansky CVC II"]
[BlackTeam "Batorove Kosihy"]
[WhiteTeamCountry "SVK"]
[BlackTeamCountry "SVK"]

1. e4 c5 2. Nf3 d6 3. d4 cxd4 4. Nxd4 Nf6 5. Nc3 a6 6. Bd3 e6 7. f4 Nc6 8. Be3 Be7 9. 0-0 0-0 10. Qf3 Qc7 11. a3 Bd7 12. Rad1 Rad8 13. Be2 Nxd4 14. Bxd4 Bc6 15. Qe3 Rc8 16. Bb6 Qb8 17. Rd3 Nd7 18. Bd4 Nc5 19. Rd2 Rfe8 20. e5 Nd7 21. exd6 Bxd6 22. Bxg7 Kxg7 23. Qd4+ Be5 24. fxe5 Qxe5 25. Qg4+ Kh8 26. Bf3 Qe3+ 27. Rdf2 Ne5 28. Qh4 Nxf3+ 29. gxf3 Rg8+ 30. Kh1 Rg6 31. Nd1 Qe5 32. Rg2 Rcg8 33. Rxg6 Rxg6 34. Qd8+ Kg7 35. Qd3 Qg5 36. Qd4+ Kf8 37. Ne3 Bxf3+ 0-1

[Event "Senica op 6th"]
[Site "Senica"]
[Date "2015.08.29"]
[Round "4"]
[White "Musaev, Matej Elbek"]
[Black "Verbytskiy, Patrik"]
[Result "0-1"]
[WhiteElo "1388"]
[BlackElo "1725"]
[PlyCount "50"]
[EventDate "2015.08.27"]
[EventType "swiss"]
[EventRounds "7"]
[EventCountry "SVK"]
[SourceTitle "EXT 2016"]
[Source "ChessBase"]
[SourceDate "2015.10.08"]
[SourceVersion "1"]
[SourceVersionDate "2015.10.08"]
[SourceQuality "1"]

1. e4 e5 2. Nf3 Nc6 3. Bc4 Bc5 4. b4 Bxb4 5. c3 Be7 6. d4 exd4 7. 0-0 dxc3 8. Qb3 Na5 9. Bxf7+ Kf8 10. Qd5 c6 11. Qf5 Nf6 12. Bb3 Nxb3 13. axb3 d5 14. Qf4 dxe4 15. Ne5 Bd6 16. Ba3 Bxa3 17. Rxa3 c2 18. Nc3 Qd4 19. Ne2 c1Q 20. Nxc1 Ke7 21. Ra4 Qd5 22. Re1 Re8 23. h3 Kf8 24. Nc4 b5 25. Ne3 Qd2 0-1

[Event "Senica op 6th"]
[Site "Senica"]
[Date "2015.08.29"]
[Round "3"]
[White "Verbytskiy, Patrik"]
[Black "Kavon, Rastislav"]
[Result "0-1"]
[WhiteElo "1725"]
[BlackElo "2209"]
[PlyCount "52"]
[EventDate "2015.08.27"]
[EventType "swiss"]
[EventRounds "7"]
[EventCountry "SVK"]
[SourceTitle "EXT 2016"]
[Source "ChessBase"]
[SourceDate "2015.10.08"]
[SourceVersion "1"]
[SourceVersionDate "2015.10.08"]
[SourceQuality "1"]

1. e4 e5 2. Nf3 Nc6 3. Nc3 Nf6 4. Bc4 Bc5 5. 0-0 d6 6. h3 0-0 7. d3 h6 8. a3 Be6 9. Nd5 Bb6 10. Be3 Bxd5 11. Bxd5 Nxd5 12. exd5 Ne7 13. c4 f5 14. Re1 Bxe3 15. Rxe3 Ng6 16. Qb3 b6 17. Kh2 Qf6 18. Qc3 Nf4 19. d4 e4 20. Nd2 Qg5 21. Rg3 Qh5 22. Re3 Ne2 23. g4 fxg4 24. Rxe2 g3+ 25. Qxg3 Qxe2 26. Rg1 Qxf2+ 0-1

[Event "SVK-ch op"]
[Site "Banska Stiavnica"]
[Date "2015.07.12"]
[Round "9"]
[White "Verbytskiy, Patrik"]
[Black "Kamas, Samuel"]
[Result "0-1"]
[WhiteElo "1621"]
[BlackElo "1805"]
[PlyCount "84"]
[EventDate "2015.07.04"]
[EventType "swiss"]
[EventRounds "9"]
[EventCountry "SVK"]
[SourceTitle "CBM 167 Extra"]
[Source "ChessBase"]
[SourceDate "2015.09.14"]
[SourceVersion "1"]
[SourceVersionDate "2015.09.14"]
[SourceQuality "1"]

1. e4 e5 2. Bc4 Bc5 3. Nf3 Nc6 4. d3 h6 5. Be3 Bb6 6. 0-0 Nf6 7. Nc3 0-0 8. Nd5 Ng4 9. Bxb6 axb6 10. h3 Nf6 11. a3 d6 12. Nd2 Be6 13. Ne3 Bxc4 14. Ndxc4 Na5 15. f4 Nxc4 16. Nxc4 Re8 17. f5 d5 18. exd5 Qxd5 19. Qf3 e4 20. Qd1 Qd4+ 21. Kh1 b5 22. c3 Qxd3 23. Qxd3 exd3 24. Nd2 Re2 25. Rad1 Nd5 26. Rfe1 Rae8 27. Nf3 Nf4 28. Rxe2 dxe2 29. Rd2 e1Q+ 30. Nxe1 Rxe1+ 31. Kh2 Re2 32. Rd8+ Kh7 33. Rd4 Nxg2 34. Rd7 Nh4+ 35. Kg3 Nxf5+ 36. Kf4 Re7 37. Rd2 Nd6 38. b3 g5+ 39. Kf3 f5 40. Rd3 f4 41. h4 Re3+ 42. Rxe3 fxe3 0-1

[Event "SVK-ch op"]
[Site "Banska Stiavnica"]
[Date "2015.07.11"]
[Round "8"]
[White "Sankova, Stella"]
[Black "Verbytskiy, Patrik"]
[Result "1-0"]
[WhiteElo "1855"]
[BlackElo "1621"]
[PlyCount "141"]
[EventDate "2015.07.04"]
[EventType "swiss"]
[EventRounds "9"]
[EventCountry "SVK"]
[SourceTitle "CBM 167 Extra"]
[Source "ChessBase"]
[SourceDate "2015.09.14"]
[SourceVersion "1"]
[SourceVersionDate "2015.09.14"]
[SourceQuality "1"]

1. Nf3 d5 2. d4 Bf5 3. Bf4 Nc6 4. e3 a6 5. c4 dxc4 6. Bxc4 b5 7. Bd3 Bxd3 8. Qxd3 Nf6 9. Nc3 e6 10. 0-0 Bd6 11. Bxd6 cxd6 12. Rac1 Nb4 13. Qd2 Nbd5 14. Nxd5 Nxd5 15. e4 Nf6 16. Qd3 0-0 17. Rc6 Qd7 18. Rfc1 Rfc8 19. d5 Rxc6 20. Rxc6 Rc8 21. Qc2 Rxc6 22. Qxc6 Qxc6 23. dxc6 Ne8 24. Nd4 g6 25. Kf1 Kf8 26. Ke2 Ke7 27. Nb3 Kd8 28. Na5 Kc7 29. Ke3 Nf6 30. Kf4 Ng8 31. e5 d5 32. Nb7 h6 33. Nd6 f5 34. exf6 Nxf6 35. Nf7 g5+ 36. Ke5 Ng4+ 37. Kxe6 d4 38. Nd6 Kxc6 39. Ne4 d3 40. h3 d2 41. Nxd2 Nxf2 42. Kf5 Nd3 43. Kg6 Nxb2 44. Kxh6 Nc4 45. Nb3 Ne3 46. g4 Kd5 47. Kxg5 Ke6 48. Nc5+ Kf7 49. Nxa6 Nd5 50. h4 Kg7 51. h5 Kh7 52. Kf5 Ne3+ 53. Kf4 Nd5+ 54. Ke5 Nc3 55. Nb4 Kh6 56. Kf5 Ne2 57. Kf6 Nf4 58. Nc6 Nd5+ 59. Ke6 Ne3 60. Ne5 Kg5 61. Nf7+ Kxg4 62. h6 Ng2 63. h7 Nf4+ 64. Kf6 Nd5+ 65. Kg7 Ne3 66. h8Q Nf5+ 67. Kf8 b4 68. Nh6+ Kf3 69. Nxf5 b3 70. axb3 Kg2 71. Qc3 1-0